|
|
|
|
| LEADER |
01148nam a22003252a 4500 |
| 001 |
001374801 |
| 003 |
CZ BrMZK |
| 005 |
20140319130001.0 |
| 007 |
ta |
| 008 |
140318s1962 xr af er|||||||||||eng d |
| 015 |
|
|
|a cnb000689499
|
| 035 |
|
|
|a (OCoLC)85470196
|
| 040 |
|
|
|a ABA008
|b cze
|d BOA001
|
| 072 |
|
7 |
|a 614
|x Veřejné zdraví a hygiena
|2 Konspekt
|9 14
|
| 080 |
9 |
|
|a 614
|
| 100 |
1 |
|
|a Štich, Zdeněk,
|d 1911-1968
|7 jk01131412
|4 aut
|
| 245 |
1 |
0 |
|a Health care in Czechoslovakia /
|c Zdeněk Štich
|
| 260 |
|
|
|a Prague :
|b Ministry of Health,
|c 1962
|
| 300 |
|
|
|a 95 s., obr. příl. :
|b il.
|
| 650 |
0 |
7 |
|a zdravotnictví veřejné
|2 czenas
|
| 650 |
0 |
7 |
|a statistika jako téma
|2 czenas
|
| 650 |
0 |
7 |
|a veřejné zdravotnictví
|2 czenas
|
| 650 |
0 |
7 |
|a zdravotní péče - kvalita, dosažitelnost a hodnocení
|2 czenas
|
| 655 |
|
4 |
|a příležitostné publikace
|
| 651 |
|
7 |
|a Československo
|7 ge131689
|2 czenas
|
| 710 |
1 |
|
|a Československo.
|b Ministerstvo zdravotnictví
|7 nlk20040156125
|
| 910 |
|
|
|a BOA001
|b 2-0484.868
|
| 990 |
|
|
|a BK
|
| 991 |
|
|
|b 201403
|
| 996 |
6 |
|
|b 2619059310
|c 2-0484.868
|l MZK
|r Sklad / do 24 hodin
|n 0
|w 001409870
|u 000010
|a 1
|e BOA001
|j MZK50
|s P
|